| 000 | 00364nam a22001577a 4500 | ||
|---|---|---|---|
| 003 | SGT | ||
| 020 | _a978-93-5270-231-2 | ||
| 082 |
_a618.92 _bP18G |
||
| 100 | _aGUPTA, PIYUSH | ||
| 245 | _aPG TB. OF PEDIATRICS 3 VOLUME SET | ||
| 250 | _a2ND | ||
| 260 |
_aINDIA _bJAYPEE PUB _c2018 |
||
| 300 | _a1-1215,2299,3298 | ||
| 650 | _aPEDIATRICS | ||
| 942 |
_2ddc _cBK |
||
| 999 |
_c18764 _d18764 |
||